Multihop Wireless Networks with advance antena System an alternative for rural communication

This thesis estudies the utilization of multihop wireless Networks (MWN) as an appealing alternative for rural communication. MWN arem designed with a self - configuring capability and can adapt to the addition or removal of networks radio units (nodes) this makes them simple to install allowing uns...

Full description

Bibliographic Details
Main Author: Sánchez Garache, Marvin
Other Authors: Tutor: Zander, Jens
Format: Tesis Section = Libro
Language:Undetermined
Spanish
Published: Sweden KTH Royal Institute of Technology 2008
Subjects:
LEADER 01571nam a2200229Ia 4500
008 240830s9999 xx 000 0 und d
040 |a BIBLIOTECA-RUSB/ D.Mon 384.5 S194 
041 |a spa 
082 |a D.Mon 384.5 S194 
100 1 |a Sánchez Garache, Marvin 
245 1 0 |a Multihop Wireless Networks with advance antena System an alternative for rural communication 
260 |a Sweden  |b KTH Royal Institute of Technology  |c 2008 
300 |a 178 p. :il. 
502 |a Tesis (Doctor en Sistemas de Comunicación por Radio) - KTH Royal Institute of Technology, 2008. 
520 3 |a This thesis estudies the utilization of multihop wireless Networks (MWN) as an appealing alternative for rural communication. MWN arem designed with a self - configuring capability and can adapt to the addition or removal of networks radio units (nodes) this makes them simple to install allowing unskilled users to set up the network quickly. / Esta tesis estudia la utilización de redes inalámbricas (MWN) como una alternativa atractiva para la comunicación rural. MWN arem diseñado con una capacidad de autoconfiguración y puede adaptarse a la adición o eliminación de unidades de radio de las redes (nodos) esto hace que sean simples de instalar permitiendo a los usuarios no calificados configurar la red rápidamente. 
650 7 |a COMUNICACION INALAMBRICA 
650 7 |b  TELECOMUNICACIONES - ZONAS RURALES 
650 7 |c  COMUNICACION - SISTEMAS - ANTENAS - ZONAS RURALES - NICARAGUA 
700 1 |a Tutor:  |b Zander, Jens 
942 |c BK  |2 ddc 
991 |a TESIS 
999 |c 19204